Library of the University of Algiers 3
Ibrahim Sultan Cheibout
شعار جامعة الجزائر 3
مكتبة جامعة الجزائر 3
إبراهيم سلطان شيبوط

اقتصاديات تنمية الموارد البشرية / (رقم التسجيلة. 44163)

تفاصيل مارك
000 -LEADER
fixed length control field 01357nam a2200241Ia 4500
003 - CONTROL NUMBER IDENTIFIER
control field Ost
005 - DATE AND TIME OF LATEST TRANSACTION
control field 20260507075353.0
008 - FIXED-LENGTH DATA ELEMENTS--GENERAL INFORMATION
fixed length control field 260507s9999||||xx |||||||||||||| ||und||
020 ## - INTERNATIONAL STANDARD BOOK NUMBER
International Standard Book Number 4848350977
040 ## - CATALOGING SOURCE
Transcribing agency fsecg
041 ## - LANGUAGE CODE
Language code of text/sound track or separate title ara
082 ## - DEWEY DECIMAL CLASSIFICATION NUMBER
Classification number 330
100 ## - MAIN ENTRY--PERSONAL NAME
Personal name خطاب، أسعد
Relator term مؤلف
245 #0 - TITLE STATEMENT
Title اقتصاديات تنمية الموارد البشرية /
Statement of responsibility, etc. أسعد خطاب
260 ## - PUBLICATION, DISTRIBUTION, ETC.
Place of publication, distribution, etc. القاهرة:
Name of publisher, distributor, etc. دار الكتاب الحديث,
Date of publication, distribution, etc. 2008
300 ## - PHYSICAL DESCRIPTION
Extent 213 صفحة؛
Other physical details إيضاحات ؛
Dimensions 24 سم
520 ## - SUMMARY, ETC.
Summary, etc. التنمية البشرية في السياق المجتمعي- التنمية البشرية ( مفهوم ومكونات) - محاور التنمية البشرية في الوطن العربي- المتغيرات الإجتماعية المؤثرة في علاقة التعليم بالعمل في الوطن العربي- الأبعاد الثقافة للتنمية البشرية في الوطن العربي- تصورات أولية لتقييم التعليم في دولة الكويت- مؤشرات إحصائية للتنمية البشرية عامة والوطن العربي خاصة
653 ## - INDEX TERM--UNCONTROLLED
Uncontrolled term اقتصاديات التنمية
653 ## - INDEX TERM--UNCONTROLLED
Uncontrolled term القوى العاملة
653 ## - INDEX TERM--UNCONTROLLED
Uncontrolled term الموارد البشرية
653 ## - INDEX TERM--UNCONTROLLED
Uncontrolled term تنمية الموارد البشرية
942 ## - ADDED ENTRY ELEMENTS (KOHA)
Koha item type كتب
المقتنيات
Withdrawn status Lost status Source of classification or shelving scheme Damaged status Not for loan Home library Current library Date acquired Serial enumeration / chronology Inventory number Total checkouts Full call number Barcode Date last seen Price effective from Koha item type
    Dewey Decimal Classification   NOT LOAN / إعارة داخلية مكتبة كلية العلوم الإقتصادية والعلوم التجارية وعلوم التسيير مكتبة كلية العلوم الإقتصادية والعلوم التجارية وعلوم التسيير 07/05/2026 الطابق الأرضي 25097   أ/4220ن1 25097 07/05/2026 07/05/2026 كتب
    Dewey Decimal Classification   Available مكتبة كلية العلوم الإقتصادية والعلوم التجارية وعلوم التسيير مكتبة كلية العلوم الإقتصادية والعلوم التجارية وعلوم التسيير 07/05/2026 الطابق الأرضي 25098   أ/4220ن2 25098 07/05/2026 07/05/2026 كتب
    Dewey Decimal Classification   Available مكتبة كلية العلوم الإقتصادية والعلوم التجارية وعلوم التسيير مكتبة كلية العلوم الإقتصادية والعلوم التجارية وعلوم التسيير 07/05/2026 الطابق الثاني 25099   أ/4220ن3 25099 07/05/2026 07/05/2026 كتب

موارد الويب المفتوحة


© University of Algiers 3 All Rights Reserved
|
Implemented by LECHELAH Riad